Biochimie générale (Record no. 33477)

MARC details
000 -LEADER
fixed length control field 00560 a2200265 4500
037 ## - SOURCE OF ACQUISITION
Source of stock number/acquisition 2, CUIF
037 ## - SOURCE OF ACQUISITION
Stock number S 7472
037 ## - SOURCE OF ACQUISITION
Stock number S 7473
020 ## - NUMERO INTERNATIONAL NORMALISE DES LIVRES
International Standard Book Number 2 10 005345 0
100 ## - VEDETTE PRINCIPALE - NOM DE PERSONNE
Personal name Weil, Jacques-Henry
100 ## - VEDETTE PRINCIPALE - NOM DE PERSONNE
Language of a work Fr
260 ## - PUBLICATION, DISTRIBUTION, ETC. (IMPRINT)
Place of publication, distribution, etc Paris
260 ## - PUBLICATION, DISTRIBUTION, ETC. (IMPRINT)
Name of publisher, distributor, etc Dunod
245 ## - TITLE STATEMENT
Title Biochimie générale
260 ## - PUBLICATION, DISTRIBUTION, ETC. (IMPRINT)
Date of publication, distribution, etc 2001
250 ## - EDITION STATEMENT
Edition statement 9ème éd.
300 ## - PHYSICAL DESCRIPTION
Extent 655p.
300 ## - PHYSICAL DESCRIPTION
Other physical details 25 cm.
440 ## - SERIES STATEMENT/ADDED ENTRY--TITLE
Title Sciences sup.
630 ## - SUBJECT ADDED ENTRY--UNIFORM TITLE
Uniform title 57 - Biologie
650 ## - SUBJECT ADDED ENTRY--TOPICAL TERM
Topical term or geographic name as entry element 5 - SCIENCES EXACTES ET NATURELLES
650 ## - SUBJECT ADDED ENTRY--TOPICAL TERM
Topical term or geographic name as entry element Biochimie
Holdings
Withdrawn status Lost status Damaged status Not for loan Location (home branch) Sublocation or collection (holding branch) Date acquired Source of acquisition Coded location qualifier Koha issues (times borrowed) Koha full call number Piece designation (barcode) Koha date last seen Copy number Price effective from Koha item type
        Bibliothèque Universitaire Centrale Bibliothèque Universitaire Centrale 28/02/2009 CIUF S/7472   577.1 WEI S-7472Buc 28/02/2009 1 28/02/2009 Libre Accès


© 2008, Bibliothèques de l'Université d'Abomey-Calavi

04 BP 789 Cotonou, Tél. : +229 21 36 01 01, Fax : +229 21 35 06 32

Courriel : bu@bu.uac.bj